00447nam a2200145 4500003000400000005001700004008004100021040003200062100001700094245007100111260003200182300001000214440004300224650003400267OSt20180831071428.0180831b xxu||||| |||| 00| 0 spa d cBiblioteca Ernesto Sábato aFranco, Luis aDe Rosas a Mitre :b Medio siglo de historia argentina 1830 / 1880 aBuenos AiresbAstral c1977 a159 p aArgentinap Pasado / Presente / Futuro aHISTORIA ARGENTINA- 1830-1880